000 00833cam a22002773a 4500
001 55127
005 20230410103957.0
008 070130s2006 xx 000 0 spa d
035 _a(OCoLC)ocn148840901
040 _aBTCTA
_cBTCTA
_dYDXCP
020 _a9789681678203
020 _a9681678206
035 _a(OCoLC)148840901
050 1 4 _aC418f 2006
100 _aCertti Guldberg, Horacio
245 0 0 _aFilosofia De La Liberacion Latinoamericana /
_cHoracio Certti Guldberg
250 _a3ed
260 _aMéxico
_bFondo De Cultura Economica USA
_c2006.
300 _a527p. ;
_c21x 14 cm- (colec. filosofia)
720 _aGuldberg, Horacio Cerutti
938 _aBaker and Taylor
_bBTCP
_nBK0007128254
938 _aYBP Library Services
_bYANK
_n2688250
942 _2lcc
_cbk
994 _aC0
_bDRFGD
946 _acsexposito
999 _c29590
_d29590